000 00563nam a22001817a 4500
005 20231123144106.0
008 231123b |||||||| |||| 00| 0 eng d
020 _a0862102251
041 _aEnglish
082 _a341.48 GET
100 _lEnglish
245 _aGetting away with murder :
_bPolitical killings and dissapearances in the 1990s
250 _aFirst Edition
260 _aLondon :
_bAmnesty International Publication,
_c1993
300 _b126 pages ;
_c22 cm.
650 _aLegal practice
_bLaw
942 _cBK
_6ALISON_BN_VRIES
999 _c910
_d910